Paroles - La Manivelle - Wazoo - Statistiques

Statistiques générales
  • Ce quiz a été pris 18 fois
  • Le résultat moyen est 324 sur 393
Statistiques - réponses
Paroles % Correct
À
100%
à
100%
ce
100%
chant
100%
Et
100%
et
100%
j'
100%
L'
100%
la
100%
100%
La
100%
manivelle
100%
moi
100%
pendant
100%
temps
100%
tournais
100%
Dans
93%
dans
93%
je
93%
le
93%
les
93%
Les
93%
bois
87%
chantais
87%
de
73%
nous
67%
Nous
67%
pour
67%
Si
67%
au
60%
Au
60%
gaulois
60%
magique
60%
Vercingétorix
60%
avant
53%
ces
53%
cette
53%
Christ
53%
en
53%
est
53%
Gergovie
53%
guerrier
53%
Jesus
53%
qui
53%
sa
53%
sur
53%
toi
53%
auvergnat
47%
César
47%
chanson
47%
esprit
47%
lança
47%
47%
plateau
47%
pouvions
47%
pris
47%
toujours
47%
52
40%
combat
40%
Gabriel
40%
heures
40%
mangent
40%
Montpied
40%
nos
40%
parisiens
40%
petit
40%
potion
40%
Quand
40%
raclée
40%
ses
40%
vie
40%
armés
33%
attend
33%
beau
33%
bleus
33%
bouclier
33%
chantant
33%
conquérir
33%
conquêtes
33%
druide
33%
festoyons
33%
fixe
33%
héroïques
33%
jaunes
33%
lay
33%
matin
33%
passion
33%
patins
33%
pied
33%
potée
33%
Puis
33%
refrain
33%
rend
33%
revivre
33%
roulette
33%
sont
33%
tous
33%
volcans
33%
partons
27%
abreuvant
20%
poursuivrons
0%
Aucun quiz correspondant
Distribution des résultats
% des personnes avec chaque résultat
Percentile par nombre de réponses
Votre historique - résultats
Vous n’avez pas pris ce quiz